Statistics for Paramore Band Facts

Click here to take the quiz!

General Stats

  • This quiz has been taken 309 times
    (305 since last reset)
  • The average score is 27 of 39

Answer Stats

HintAnswer% Correct
SingerHayley Williams
100%
2007Riot!
95%
2013Paramore
93%
A compilation of performances from their 2005 tourAll We Know
91%
Highschool dramaMisery Business
90%
2009Brand New Eyes
89%
GuitaristTaylor York
89%
Year the band formed2004
88%
2005All We Know Is Falling
88%
Contains scenes from TwilightDecode
88%
Most world records broken in a music videoAin't It Fun
86%
Drummer (2004-2010)Zac Farro
86%
Butterfly wings and fairy tale landscapesBrick by Boring Brick
85%
A cramped setting and a light bulbIgnorance
84%
Balloons, dancing and fireworksStill into You
84%
Room changing and Valentine cardsThe Only Exception
81%
BassistJeremy Davis
80%
Guitarist (2004-2010)Josh Farro
80%
Binocular spying in a barren desert environmentCrushcrushcrush
79%
Colourful dirt and hugs on the battlefieldNow
79%
US state the band is fromTennessee
78%
Name of the cruise ship event Paramore hosted in 2014PARAHOY
76%
Water and an abandoned hospitalMonster
75%
Controlling managers and water gaugesPressure
74%
Pink hair and tea partiesPlaying God
73%
Cuts, bruises and a blood stained dressEmergency
71%
City the band is fromFranklin
65%
Relationship breakupThat's What You Get
65%
Two fans go to see the band live at Wembley ArenaDaydreaming
61%
Drawn pac-man-looking dust-mites, doesn't contain the bandAnklebiters
58%
A compilation of performances from 2009/10 toursCareful
57%
Video and picture montage of thier 2007 US tourHallelujah
51%
The band's first song written togetherConspiracy
40%
The EP sold at the 2006 Warped TourThe Summer Tic
30%
Guitarist (2005-2007)Hunter Lamb
26%
Name of the unofficial Paramore album containing all their unreleased songsThe B Sides
26%
Guitarist (2004-2005)Jason Bynum
19%
Bassist (2005)John Hembree
15%
The EP containing the 3 "interlude" songsThe Holiday Sessions
13%

Score Distribution

Percentile by Number Answered

Percent of People with Each Score

Your Score History

You have not taken this quiz since the last reset